Cuentos latinoamericanos V / (Registro nro. 15585)

Detalles MARC
000 -LEADER
fixed length control field 01130nam a22002777a 4500
003 - CONTROL NUMBER IDENTIFIER
control field OSt
005 - DATE AND TIME OF LATEST TRANSACTION
control field 20250820152225.0
008 - FIXED-LENGTH DATA ELEMENTS--GENERAL INFORMATION
fixed length control field 210913b2007 ck ||||er|||| 00| j spa d
020 ## - INTERNATIONAL STANDARD BOOK NUMBER
International Standard Book Number 9789588321332
040 ## - CATALOGING SOURCE
Original cataloging agency CO-JMCR
Transcribing agency CO-JMCR
041 0# - LANGUAGE CODE
Language code of text/sound track or separate title spa
082 04 - DEWEY DECIMAL CLASSIFICATION NUMBER
Classification number A-C
Item number VARc
Edition number 23
100 1# - MAIN ENTRY--PERSONAL NAME
Personal name Vargas Llosa, Mario,
Relator term autor
9 (RLIN) 40326
245 10 - TITLE STATEMENT
Title Cuentos latinoamericanos V /
Remainder of title Mario Vargas Llosa, Felisberto Hernández , Salvador Garmendia
260 ## - PUBLICATION, DISTRIBUTION, ETC.
Place of publication, distribution, etc. Bogotá :
Name of publisher, distributor, etc. Alcaldía Mayor de Bogotá : Secretaria Distrital de Cultura, Recreación y Deporte,
Date of publication, distribution, etc. 2007
300 ## - PHYSICAL DESCRIPTION
Extent 59 páginas ;
Dimensions 17 cm.
490 0# - SERIES STATEMENT
Series statement Libro al viento ;
Volume/sequential designation 40
505 0# - FORMATTED CONTENTS NOTE
Title El desafío /
Statement of responsibility Marío Vargas Llosa
Title Nadie encendía las lámparas /
Statement of responsibility Felisberto Hernández
Title Un sorbo de aire cálido /
Statement of responsibility Salvador Garmendia
650 14 - SUBJECT ADDED ENTRY--TOPICAL TERM
Topical term or geographic name entry element Cuentos latinoamericanos
Chronological subdivision Siglo xx
9 (RLIN) 40327
650 24 - SUBJECT ADDED ENTRY--TOPICAL TERM
Topical term or geographic name entry element Literatura latinoamericana
Chronological subdivision Siglo xx
9 (RLIN) 40323
650 24 - SUBJECT ADDED ENTRY--TOPICAL TERM
Topical term or geographic name entry element Historias de aventuras
9 (RLIN) 40328
650 24 - SUBJECT ADDED ENTRY--TOPICAL TERM
Topical term or geographic name entry element Emociones en la literatura
9 (RLIN) 610
700 1# - ADDED ENTRY--PERSONAL NAME
Personal name Hernández, Felisberto,
Relator term autor
9 (RLIN) 40329
700 1# - ADDED ENTRY--PERSONAL NAME
Personal name Garmendia, Salvador,
Relator term autor
9 (RLIN) 40330
942 ## - ADDED ENTRY ELEMENTS (KOHA)
Source of classification or shelving scheme Dewey Decimal Classification
Koha item type Books
Existencias
Withdrawn status Lost status Source of classification or shelving scheme Damaged status Not for loan Collection code Home library Current library Date acquired Source of acquisition Total Checkouts Full call number Barcode Date last seen Date last checked out Copy number Price effective from Koha item type
    Dewey Decimal Classification     Non-fiction Biblioteca Pública José María del Castillo y Rada Biblioteca Pública José María del Castillo y Rada 08/04/2021 Donación 1 A-C VARc 201811063 05/31/2024 05/31/2024 Ej.1 09/13/2021 Books
    Dewey Decimal Classification     Non-fiction Biblioteca Pública José María del Castillo y Rada Biblioteca Pública José María del Castillo y Rada 08/04/2021 Donación   C VARc 201811375 11/17/2021   Ej.2 11/17/2021 Books